000 00459nam a2200157Ia 4500
999 _c17208
_d17208
003 OSt
005 20200606120036.0
008 190216s9999||||xx |||||||||||||| ||und||
040 _cMESKC library
082 _a659
_bGUP/B
100 _aGupth, Baldev Raj
_9209
245 0 _aBharath Mem Jana Sambark /
_cBaldev Raj Gupth
260 _bViswa Vidyalay Prakashan,
_aVaranasi:
300 _a224p
942 _cBK
_2ddc
_h659
_iGUP/B
_k659
_mGUP/B